Nové rozhrania spoločnosti a ekonómie kritické postrehy
Salvato in:
| Autore principale: | |
|---|---|
| Altri autori: | , , , |
| Natura: | Libro |
| Lingua: | slovacco |
| Pubblicazione: |
Bratislava
Wolters Kluwer
2018
|
| Edizione: | 1. vydanie |
| Serie: | Ekonómia
|
| Soggetti: | |
| Tags: |
Nessun Tag, puoi essere il primo ad aggiungerne!!
|
MARC
| LEADER | 00000nam a2200000 4500 | ||
|---|---|---|---|
| 001 | 0246346 | ||
| 005 | 20240502073944.5 | ||
| 020 | |a 978-80-8168-854-6 | ||
| 041 | 0 | |a slo | |
| 044 | |a SK | ||
| 245 | 1 | 0 | |a Nové rozhrania spoločnosti a ekonómie |b kritické postrehy |c Peter Staněk, Pavlína Ivanová, Vanda Vašková ; recenzenti: Vladimír Mařík ... [et al.] |
| 250 | |a 1. vydanie | ||
| 264 | 1 | |a Bratislava |b Wolters Kluwer |c 2018 | |
| 300 | |a 186 s. [10 AH] | ||
| 490 | 1 | |a Ekonómia | |
| 830 | 0 | |a Ekonómia | |
| 610 | 2 | 0 | |a spoločnosť |
| 610 | 2 | 0 | |a vývoj hospodársky |
| 610 | 2 | 0 | |a prognózy hospodárske |
| 610 | 2 | 0 | |a prognózy sociálno-ekonomické |
| 610 | 2 | 0 | |a inteligencia umelá |
| 610 | 2 | 0 | |a voda |
| 610 | 2 | 0 | |a podmienky prírodné |
| 610 | 2 | 0 | |a doprava |
| 610 | 2 | 0 | |a technológie nové |
| 610 | 2 | 0 | |a revolúcia technická |
| 610 | 2 | 0 | |a produkcia |
| 610 | 2 | 0 | |a spotreba |
| 610 | 2 | 0 | |a inovácia |
| 610 | 2 | 0 | |a financie |
| 610 | 2 | 0 | |a modelovanie |
| 610 | 2 | 0 | |a makroekonomika |
| 610 | 2 | 0 | |a vývoj sociálny |
| 610 | 2 | 0 | |a vývoj spoločenský |
| 610 | 2 | 0 | |a mena virtuálna |
| 610 | 2 | 0 | |a globalizácia |
| 610 | 2 | 0 | |a geopolitika |
| 610 | 2 | 0 | |a priemysel 4.0 |
| 610 | 2 | 0 | |a nerovnosť príjmová |
| 100 | 1 | |a Staněk, Peter | |
| 700 | 1 | |a Ivanová, Pavlína | |
| 700 | 1 | |a Vašková, Vanda | |
| 700 | 1 | |a Mařík, Vladimír | |
| 700 | 1 | |a Rievajová, Eva | |